Reglamento de funcionarios de administración local : 30 de mayo de 1952 / por Luis Marqués Carbó ; prólogo de Nicolás Pérez Serrano 30 de mayo de 1952 / por Luis Marqués Carbó ; prólogo de Nicolás Pérez Serrano
Descripción Física:
503 p. ; 22 cm
Otros Autores:
Pérez Serrano, Nicolás, pr
MARC
| LEADER | 00000nam a2200000Ia 4500 | ||
|---|---|---|---|
| 001 | 14177 | ||
| 008 | 160829s9999 xx 000 0 cat d | ||
| 080 | |a M-4-152 | ||
| 100 | |a Marqués Carbó, Luis |9 24231 | ||
| 245 | |a Reglamento de funcionarios de administración local : |b 30 de mayo de 1952 / por Luis Marqués Carbó ; prólogo de Nicolás Pérez Serrano | ||
| 260 | |a Tarragona : |b Sugrañes, [1952?] | ||
| 300 | |a 503 p. ; |c 22 cm | ||
| 590 | |a Índex | ||
| 650 | |a Funcionaris i empleats locals |x Dret i legislació |x Espanya |9 23149 | ||
| 700 | |a Pérez Serrano, Nicolás, pr. |9 26103 | ||
| 901 | |a Arxiu | ||
| 942 | |n 1 | ||
| 952 | |0 0 |1 0 |4 0 |6 M4152 |7 1 |9 44996 |a Arxiu |b Arxiu |d 2016-12-01 |l 0 |o M-4-152 |p 14177 |r 2016-12-01 00:00:00 |w 2016-12-01 |y ARXIU | ||
| 999 | |c 47600 |d 47600 | ||